000 00666nam a22002417a 4500
005 20230202164222.0
008 230202b ||||| |||| 00| 0 eng d
040 _cAL
041 _aeng
082 _223
_a658
_bPREI
100 _aAzim Premji...[et. al]
_970697
245 _aIndian management Vol 39 No 3
260 _aMumbai
_bBusiness India Group Publication
_c2000
300 _a102p.
_bPB
_c26x18cm.
365 _2Management
440 _vVol 39 No 3
650 _aManagement
_970578
700 _aPREMJI (Azim)
_970579
700 _aLIPPMAN (Andrew)
_970580
700 _aSHIROLE (Raj)
_970581
700 _aWILLIAMS (Allan)
_970695
942 _2ddc
_cDB
999 _c226549
_d226549